Pays qui contiennent les voyelles A, E, I, O,U - Statistiques

Statistiques générales
  • Ce quiz a été pris 58 fois
  • Le résultat moyen est 5 sur 11
Statistiques - réponses
Hint Réponse % Correct
O Ouzbékistan
74%
R République Démocratique du Congo
70%
P Papouasie-Nouvelle-Guinée
58%
R Roumanie
58%
A Arabie Saoudite
51%
G Guinée équatoriale
49%
R République Dominicaine
43%
R Royaume-Uni
36%
M Mozambique
30%
M Macédoine du nord
28%
S Slovaquie
28%
Aucun quiz correspondant
Distribution des résultats
% des personnes avec chaque résultat
Percentile par nombre de réponses
Votre historique - résultats
Vous n’avez pas pris ce quiz